| 000 | 00371nam a2200157Ia 4500 | ||
|---|---|---|---|
| 100 | _aRanganathan/ S.R. | ||
| 650 | _aGeneral | ||
| 942 | _cBK | ||
| 654 | _acatalogue code | ||
| 245 | _aClassified Catalogue Code | ||
| 260 |
_bSarada Ranganathan Endowment for library _aBangalore _c1988 |
||
| 082 |
_a25.315 _bRAN |
||
| 300 | _a640 | ||
| 546 | _aENGLISH | ||
| 999 |
_c32254 _d32254 |
||